00245nam a2200085Ia 4500008004100000100002900041245004700070260003300117260000900150180219s9999 xx 000 0 und d aSharma Bl And Mahashwari 0aEducation For Eenvironment And Human Value aVinay Rakheja R. Lall Meerut c2014